Walt Disney / (Record no. 104430)

MARC details
000 -LEADER
campo de control de longitud fija 00761nam a2200241 i 4500
001 - NÚMERO DE CONTROL
campo de control 104430
003 - IDENTIFICADOR DE NÚMERO DE CONTROL
campo de control ES-MaACL
005 - FECHA Y HORA DE LA ÚLTIMA TRANSACCIÓN
campo de control 20250824211723.0
007 - CAMPO FIJO DE DESCRIPCIÓN FÍSICA--INFORMACIÓN GENERAL
campo de control de longitud fija t|
008 - DATOS DE LONGITUD FIJA--INFORMACIÓN GENERAL
campo de control de longitud fija 051130s1961 sp af |||| |bspa d
080 ## - NÚMERO DE LA CLASIFICACIÓN DECIMAL UNIVERSAL
Número de la Clasificación Decimal Universal 929 Disney, Walt
100 1# - ENTRADA PRINCIPAL--NOMBRE DE PERSONA
Nombre de persona Miller, Diana Disney.
9 (RLIN) 81204
245 10 - MENCIÓN DEL TÍTULO
Título Walt Disney /
Mención de responsabilidad, etc. Diana Disney Miller ; [traducción de Mariano del Pozo].
260 ## - PUBLICACIÓN, DISTRIBUCIÓN, ETC.
Lugar de publicación, distribución, etc. Madrid :
Nombre del editor, distribuidor, etc. Rialp,
Fecha de publicación, distribución, etc. 1961.
300 ## - DESCRIPCIÓN FÍSICA
Extensión 270 p., 27 lám. ;
Dimensiones 19 cm.
490 1# - MENCIÓN DE SERIE
Mención de serie Libros de cine ;
Designación de volumen o secuencia 26
600 14 - PUNTO DE ACCESO ADICIONAL DE MATERIA--NOMBRE DE PERSONA
Nombre de persona Disney, Walt (
Fechas asociadas al nombre 1901-1966)
9 (RLIN) 157614
650 #7 - PUNTO DE ACCESO ADICIONAL DE MATERIA--TÉRMINO DE MATERIA
Término de materia o nombre geográfico como elemento de entrada Animación (Cinematografía)
Fuente del encabezamiento o término embne
9 (RLIN) 11875
700 1# - ENTRADA AGREGADA--NOMBRE PERSONAL
Nombre de persona Pozo, Mariano del.
9 (RLIN) 93541
830 10 - PUNTO DE ACCESO ADICIONAL DE SERIE-TÍTULO UNIFORME
Título uniforme Libros de cine Rialp
Designación de volumen o secuencia 26
9 (RLIN) 181163
852 4# - LOCALIZACIÓN
Ubicación ES-MaACL
Número de control de estantería C-20947
Holdings
Estatus retirado Estado de pérdida Estado de daño No para préstamo Biblioteca de origen Biblioteca actual Ubicación en estantería Fecha de adquisición Fuente de adquisición Total de préstamos Signatura topográfica completa Código de barras Visto por última vez Precio de reemplazo Tipo de ítem Koha
        Biblioteca del Ateneo de Madrid Biblioteca del Ateneo de Madrid Galería 17/01/2008     C-20947 1109034 23/02/2023 23/02/2023 Libro impreso